000
00252nam a2200109Ia 4500
008
220204s9999 xx 000 0 und d
082
_a
82-3
_b
CLA
100
_a
Clarke, Arthur C
245
0
_a
Glide path
260
_a
London
_b
Sidgwick
_c
1980
942
_c
BK
999
_c
38779
_d
38779